Émission TV gagnant Mask singer mort subite - Statistiques

Statistiques générales
  • Ce quiz a été pris 109 fois
  • Le résultat moyen est 6 sur 8
Answers on the Grid
Answers color-coded by a green-red scale on the quiz's grid according to % correct below.
Vitaa
Larusso
Gims
Brognard
Boccolini
Mbappe
Zidane
Aliagas
Dubini
Combal
Lebouseuh
Michou
Jul
Arthur
Di Caire
Shakira
Hollande
Galiana
Cissé
Sch
Le Bret
Jugno
Manaudou
Vassili
Parker
Jackson
Niclo
Drucker
Squeezie
Ikonomova
 
Statistiques - réponses
Réponse % Correct
Larusso
91%
Boccolini
90%
Dubini
85%
Ikonomova
75%
Galiana
70%
Vassili
68%
Niclo
67%
Di Caire
51%
Aucun quiz correspondant
Distribution des résultats
% des personnes avec chaque résultat
Percentile par nombre de réponses
Votre historique - résultats
Vous n’avez pas pris ce quiz